000 004590000a22001810004500
003 MACL
005 20160107162540.0
008 160107b xxu||||| |||| 00| 0 eng d
040 _aMACL
_cMACL
041 _aEnglish
082 _a823/LAN
100 _aNopany, Nandini
_929362
245 _aTwenty for Stories by Premchand
260 _bVikas Publishing House
_c1980
_aGhaziabad
350 _a60
650 _aStories
_929363
942 _cBK
_k891.433/LAL
_2ddc
999 _c33923
_d33923